[Event "8th American Continental (w)"]
[Site "Lima PER"]
[Date "2016.02.23"]
[Round "5.6"]
[White "Rivera Banqueth, Ingris"]
[Black "Garcia Contreras, Ana"]
[Result "1-0"]
[WhiteElo "2262"]
[BlackElo "1759"]
[EventDate "2016.02.20"]
[PlyCount "83"]

1.d4 d5 2.Nf3 Nf6 3.e3 Bf5 4.c4 c6 5.Nc3 e6 6.Qb3 Qb6 7.c5 Qc7 8.Qa4 Nbd7 
9.b4 Ne4 10.Bb2 Be7 11.Nxe4 Bxe4 12.Nd2 Bg6 13.Rc1 O-O 14.b5 Rfc8 15.Nb3 
Bf6 16.bxc6 bxc6 17.Ba6 Rf8 18.Na5 Rab8 19.Ba1 Rb1 20.O-O Rxc1 21.Rxc1 Nb8
22.Be2 Bd8 23.Bc3 f6 24.Rd1 e5 25.Rd2 exd4 26.exd4 Qd7 27.Rb2 Bxa5 28.Qxa5
Re8 29.Bf1 Bf5 30.Bd2 g5 31.Qb4 h6 32.f3 Kf7 33.Be1 Qe7 34.Re2 Qd7 35.Bg3 
Rxe2 36.Bxe2 Qe7 37.Kf2 Nd7 38.Qb7 Qe6 39.Bd6 Kg6 40.Qxc6 Bb1 41.Bb5 Bf5 
42.g4 1-0

[Event "8th American Continental (w)"]
[Site "Lima PER"]
[Date "2016.02.23"]
[Round "5.7"]
[White "Perez Rodriguez, Jennifer"]
[Black "Besso, Guadalupe"]
[Result "1-0"]
[WhiteElo "2155"]
[BlackElo "1996"]
[EventDate "2016.02.20"]
[PlyCount "139"]

1.d4 Nf6 2.Bg5 Ne4 3.Bf4 d5 4.e3 g6 5.Bd3 Nf6 6.c4 Bg7 7.Nc3 O-O 8.Nf3 c5 
9.dxc5 dxc4 10.Bxc4 Qa5 11.O-O Qxc5 12.Qb3 Nc6 13.Ng5 Na5 14.Bxf7+ Kh8 15.
Qc2 Bf5 16.Qe2 e5 17.Bg3 Qe7 18.e4 Bd7 19.Bc4 Bg4 20.f3 Bd7 21.Bb5 Nc6 22.
Bxc6 bxc6 23.Rad1 h6 24.Nh3 Bxh3 25.gxh3 Nh5 26.Kh1 Qe6 27.Qg2 Rf7 28.Rd3 
Raf8 29.Rfd1 Qe7 30.Ne2 Kh7 31.Ng1 Qe8 32.Qd2 Qe7 33.Rd7 Qf6 34.Rd6 Qe7 
35.Rxc6 Qb7 36.Rc3 Qb4 37.Rd3 Qa4 38.a3 Qe8 39.Rd8 Qb5 40.Rd5 Nxg3+ 41.
hxg3 Qb3 42.Rd3 Qe6 43.Kg2 h5 44.h4 Qb6 45.Qf2 Qe6 46.Rd6 Qb3 47.R6d3 Qb7 
48.Qd2 Rc7 49.Rd7 Rf7 50.Rxf7 Rxf7 51.Qb4 Qxb4 52.axb4 Rb7 53.Nh3 Rxb4 54.
Ng5+ Kh6 55.b3 Rb7 56.f4 Re7 57.Rd6 exf4 58.gxf4 Bf8 59.f5 Rg7 60.Re6 a5 
61.Kf3 Be7 62.f6 Bxf6 63.Rxf6 Rb7 64.Kf4 Kg7 65.Ra6 Rb5 66.Ra7+ Kg8 67.e5 
Kf8 68.Ne6+ Kg8 69.Kg5 Rb6 70.Kf6 1-0

[Event "8th American Continental (w)"]
[Site "Lima PER"]
[Date "2016.02.23"]
[Round "5.8"]
[White "Chumpitaz Carbajal, Ann"]
[Black "Peng, Jackie"]
[Result "1-0"]
[WhiteElo "2209"]
[BlackElo "1922"]
[EventDate "2016.02.20"]
[PlyCount "91"]

1.d4 Nf6 2.c4 g6 3.Nc3 Bg7 4.e4 d6 5.Nf3 O-O 6.Be2 e5 7.O-O Nc6 8.d5 Ne7 
9.Qc2 Nd7 10.Rd1 f5 11.Ng5 Nc5 12.b4 Nxe4 13.Ncxe4 fxe4 14.Ne6 Bxe6 15.
dxe6 Nc6 16.Qxe4 Qf6 17.Be3 Nd4 18.Bg4 h5 19.Bh3 Ne2+ 20.Kh1 Nc3 21.Qxb7 
Nxd1 22.Rxd1 g5 23.g3 Kh8 24.Bg2 Qxe6 25.Qxc7 Rac8 26.Qxd6 Qxc4 27.Qg6 Qe2
28.Rg1 Rf6 29.Qxg5 Rd6 30.Be4 Rf8 31.f3 Rxf3 32.Qxh5+ Rh6 33.Bxf3 Qxe3 34.
Qg4 Qc3 35.Be4 Bf6 36.Rd1 Qxb4 37.Qc8+ Kg7 38.Qc7+ Kf8 39.Bg2 Qe7 40.Qb8+ 
Kg7 41.Rb1 Kg6 42.Be4+ Kh5 43.Qc8 Bg5 44.Qh3+ Bh4 45.Qf5+ Bg5 46.Bf3# 1-0

[Event "8th American Continental (w)"]
[Site "Lima PER"]
[Date "2016.02.23"]
[Round "5.9"]
[White "Caballero Quijano, Mitzy Mishell"]
[Black "Martinez, Ayelen"]
[Result "0-1"]
[WhiteElo "1909"]
[BlackElo "2193"]
[EventDate "2016.02.20"]
[PlyCount "78"]

1.d4 Nf6 2.Nf3 g6 3.Nc3 d5 4.Bf4 Bg7 5.e3 O-O 6.Be2 c5 7.h4 Nc6 8.Ne5 Ne4 
9.Nxe4 dxe4 10.Nxc6 bxc6 11.c3 Qb6 12.Qc2 h5 13.Rg1 cxd4 14.cxd4 Be6 15.g4
hxg4 16.Bxg4 Bxg4 17.Rxg4 Qa5+ 18.Kf1 Qf5 19.Rg3 Bxd4 20.h5 Bf6 21.hxg6 
fxg6 22.Qb3+ Kg7 23.Kg2 Rh8 24.Rg1 Rh5 25.Kf1 Qb5+ 26.Qxb5 Rxb5 27.Rxg6+ 
Kf7 28.b3 Rd8 29.R6g4 Rd2 30.Bg3 Rxa2 31.Rxe4 Rxb3 32.Rc4 a5 33.e4 Rc3 34.
Rxc3 Bxc3 35.Kg2 Bd4 36.Rc1 c5 37.Rc4 Ke6 38.Bf4 Rxf2+ 39.Kg3 Ra2 0-1

[Event "8th American Continental (w)"]
[Site "Lima PER"]
[Date "2016.02.23"]
[Round "5.10"]
[White "Aliaga Fernandez, Ingrid"]
[Black "Parkhurst Casas, Miriam"]
[Result "1/2-1/2"]
[WhiteElo "2173"]
[BlackElo "1884"]
[EventDate "2016.02.20"]
[PlyCount "92"]

1.e4 e5 2.Nf3 Nc6 3.d4 exd4 4.Nxd4 Bb4+ 5.c3 Bc5 6.Be3 Bb6 7.Nf5 Bxe3 8.
Nxe3 Nf6 9.Bd3 d6 10.c4 Ne5 11.Nc3 Nxd3+ 12.Qxd3 O-O 13.O-O Ng4 14.Rad1 
Qh4 15.Nxg4 Bxg4 16.f3 Be6 17.Nd5 Qd8 18.Ne3 a6 19.f4 f6 20.a3 Rb8 21.Qc3 
Qe7 22.Rfe1 Qf7 23.f5 Bd7 24.Nd5 Bc6 25.Nf4 Rfe8 26.Ne6 b6 27.Rd3 Re7 28.
Rg3 Rxe6 29.fxe6 Qxe6 30.Rge3 Re8 31.R1e2 Qg4 32.Qd3 Re5 33.b4 Be8 34.Re1 
Qe6 35.Rf1 Bg6 36.Rfe1 Be8 37.Qe2 Bh5 38.Qd3 Be8 39.h3 Kh8 40.Qe2 Kg8 41.
Qd3 Bc6 42.Qd4 Be8 43.Qd3 Bc6 44.Kf2 Be8 45.Rc1 Bg6 46.c5 Bxe4 1/2-1/2

[Event "8th American Continental (w)"]
[Site "Lima PER"]
[Date "2016.02.23"]
[Round "5.11"]
[White "Rodriguez Ibarra, Sofia"]
[Black "Dominguez Barrios, Laura Lucia"]
[Result "0-1"]
[WhiteElo "1794"]
[BlackElo "2078"]
[EventDate "2016.02.20"]
[PlyCount "96"]

1.e4 c5 2.Nf3 e6 3.d4 cxd4 4.Nxd4 Qb6 5.Nc3 Bc5 6.Be3 Nc6 7.Na4 Qa5+ 8.c3 
Bxd4 9.Bxd4 Nxd4 10.Qxd4 e5 11.Qb4 Qxb4 12.cxb4 Nf6 13.Nc3 d6 14.Bb5+ Ke7 
15.Ke2 Be6 16.Rhd1 Rhd8 17.Rac1 Rac8 18.h3 a6 19.Bd3 d5 20.exd5 Nxd5 21.
Nxd5+ Bxd5 22.f3 Bxa2 23.Be4 Rxc1 24.Rxc1 Rd7 25.Rc5 Ke6 26.f4 Rd4 27.
Rxe5+ Kd6 28.Bxb7 Rxb4 29.Bxa6 Rxb2+ 30.Kf1 Bd5 31.Rg5 g6 32.Bd3 Rd2 33.
Be2 Rd4 34.Rg4 h5 35.Rh4 Bc4 36.Bxc4 Rxc4 37.Ke2 f5 38.Kf3 Kd5 39.Ke3 Rc3+
40.Kf2 Ke4 41.Ke2 Rc2+ 42.Kf1 Ke3 43.Kg1 Rc1+ 44.Kh2 Kf2 45.g4 Rg1 46.gxh5
Rg2+ 47.Kh1 Kg3 48.h6 Ra2 0-1

[Event "8th American Continental (w)"]
[Site "Lima PER"]
[Date "2016.02.23"]
[Round "5.12"]
[White "Zarate Oyague, Flor de Maria"]
[Black "Oncoy Custodio, Shantal Tania"]
[Result "1-0"]
[WhiteElo "1924"]
[BlackElo "1510"]
[EventDate "2016.02.20"]
[PlyCount "69"]

1.d4 d5 2.c4 e5 3.dxe5 d4 4.Nf3 Nc6 5.a3 Nge7 6.g3 Ng6 7.Bg2 Ngxe5 8.Nxe5 
Nxe5 9.O-O Be7 10.b3 O-O 11.Bb2 c5 12.Nd2 Qb6 13.Qc2 Rd8 14.Be4 h6 15.Nf3 
Bf6 16.Nxe5 Bxe5 17.Rab1 Bh3 18.Rfe1 a5 19.e3 Bf6 20.exd4 Bxd4 21.Bxd4 
Rxd4 22.Bd5 Qf6 23.Bxb7 Rb8 24.Be4 Rxe4 25.Qxe4 Bf5 26.Qf4 Rb6 27.Rbd1 
Rxb3 28.Re3 a4 29.Rxb3 axb3 30.Qb8+ Kh7 31.Qxb3 Bh3 32.Qd3+ g6 33.Qd5 h5 
34.Qxc5 h4 35.Qd4 1-0

[Event "8th American Continental (w)"]
[Site "Lima PER"]
[Date "2016.02.23"]
[Round "5.13"]
[White "Fernandez, Maria Florencia"]
[Black "Romero Dongo, Antonella"]
[Result "1-0"]
[WhiteElo "2264"]
[BlackElo "1781"]
[EventDate "2016.02.20"]
[PlyCount "84"]

1.d4 e6 2.c4 b6 3.Nc3 Bb7 4.e4 Bb4 5.Bd3 Nf6 6.f3 c5 7.d5 Bxc3+ 8.bxc3 d6 
9.Ne2 Nbd7 10.O-O O-O 11.f4 Re8 12.Ng3 Qc7 13.Qf3 Ba6 14.Bd2 exd5 15.exd5 
Rad8 16.Nf5 Nf8 17.h4 Bc8 18.h5 Kh8 19.Be1 Bxf5 20.Bxf5 Qe7 21.Bf2 Qe2 22.
Bh4 N8d7 23.h6 Qxf3 24.Rxf3 Nf8 25.hxg7+ Kxg7 26.Rg3+ Ng6 27.Bd3 Nh5 28.
Rg4 Nf6 29.Rg3 Nh5 30.Rg4 Nf6 31.Bxf6+ Kxf6 32.Kf2 Rh8 33.Rh1 Rdg8 34.Rh6 
Ke7 35.Kf3 Kf8 36.Rh3 Kg7 37.Rh5 Kf6 38.Rgg5 Ke7 39.Rh3 Kf8 40.Rgh5 Kg7 
41.Rg3 Kf6 42.Bc2 Re8 1-0

[Event "8th American Continental (w)"]
[Site "Lima PER"]
[Date "2016.02.23"]
[Round "5.14"]
[White "Solis Chimoy, Blanca"]
[Black "Mostacero Velarde, Isabella"]
[Result "1/2-1/2"]
[WhiteElo "1869"]
[BlackElo "1705"]
[EventDate "2016.02.20"]
[PlyCount "30"]

1.d4 Nf6 2.c4 g6 3.Nc3 Bg7 4.e4 d6 5.h3 Nc6 6.Be3 e5 7.d5 Ne7 8.Bd3 a6 9.
Nf3 Nd7 10.b4 O-O 11.g4 f5 12.gxf5 gxf5 13.Bg5 Nf6 14.Qe2 h6 15.Bh4 Ng6 
1/2-1/2

[Event "8th American Continental (w)"]
[Site "Lima PER"]
[Date "2016.02.23"]
[Round "5.15"]
[White "Castrillon Gomez, Melissa"]
[Black "Dongo Pinzon, Melanie"]
[Result "1/2-1/2"]
[WhiteElo "2215"]
[BlackElo "1741"]
[EventDate "2016.02.20"]
[PlyCount "169"]

1.e4 c5 2.Nf3 e6 3.d4 cxd4 4.Nxd4 Nc6 5.Nxc6 bxc6 6.Bd3 Nf6 7.Nc3 d5 8.Qe2
Be7 9.O-O O-O 10.Kh1 c5 11.b3 a5 12.e5 Nd7 13.f4 Nb6 14.Rf3 f5 15.exf6 
Bxf6 16.Bb2 Qe8 17.Rh3 g6 18.Rg3 Bg7 19.Rf1 c4 20.bxc4 Nxc4 21.Ba1 Nd6 22.
Rg5 Nf7 23.Bxg6 hxg6 24.Rxg6 Nh6 25.Nxd5 Ra7 26.Qh5 exd5 27.Qxh6 Rff7 28.
Qh5 Qe4 29.Be5 Rae7 30.Rg1 Bf5 31.Rg5 Bh7 32.c3 a4 33.Bd4 Rxf4 34.Rxd5 Bg6
35.Rd8+ Kf7 36.Qc5 Qe6 37.Qg5 Rf5 38.Qh4 Bxd4 39.Rxd4 a3 40.Rd2 Qf6 41.Qb4
Rh5 42.Qc4+ Kg7 43.Rd4 Qe5 44.Rh4 Rxh4 45.Qxh4 Rf7 46.Qb4 Be4 47.Qxa3 Rf5 
48.Qa7+ Kg6 49.Qd4 Qxd4 50.cxd4 Rf2 51.h3 Kg5 52.Kh2 Rxa2 53.Kg3 Ra3+ 54.
Kf2 Rd3 55.Ra1 Rxd4 56.g3 Rd3 57.Ra5+ Kh6 58.Ra4 Bd5 59.Rh4+ Kg6 60.Rg4+ 
Kh6 61.h4 Bf7 62.Rg5 Ra3 63.Re5 Ra2+ 64.Ke3 Ra3+ 65.Kf4 Ra4+ 66.Kf3 Ra3+ 
67.Kg4 Ra4+ 68.Kh3 Ra3 69.Re4 Bd5 70.Re5 Bf7 71.Re7 Bg6 72.Re6 Kh5 73.Re5+
Kh6 74.Rc5 Bf7 75.Kg4 Ra4+ 76.Kf5 Bg6+ 77.Ke5 Rg4 78.Rc3 Re4+ 79.Kf6 Ra4 
80.Re3 Ra6+ 81.Ke5 Ra5+ 82.Kf4 Ra4+ 83.Kf3 Bh5+ 84.Kg2 Bg4 85.Re2 1/2-1/2

[Event "8th American Continental (w)"]
[Site "Lima PER"]
[Date "2016.02.23"]
[Round "5.16"]
[White "Estrada Cantaro, Alexandra Fiorella"]
[Black "Heredia Serrano, Carla"]
[Result "0-1"]
[WhiteElo "1635"]
[BlackElo "2185"]
[EventDate "2016.02.20"]
[PlyCount "56"]

1.e4 c6 2.d4 d5 3.e5 c5 4.c3 Nc6 5.Nf3 Bg4 6.Bb5 e6 7.O-O Qb6 8.Bxc6+ bxc6
9.dxc5 Bxc5 10.b4 Be7 11.Be3 Qc7 12.Nbd2 Nh6 13.h3 Bxf3 14.Nxf3 Nf5 15.Bf4
O-O 16.a3 c5 17.Qd2 Rfc8 18.Rfc1 h6 19.Rab1 Rab8 20.Qd3 Qc6 21.Qd2 Qa4 22.
Qe2 a5 23.Ra1 Ra8 24.Nd2 axb4 25.axb4 Qxa1 26.Rxa1 Rxa1+ 27.Kh2 cxb4 28.
cxb4 Rcc1 0-1

[Event "8th American Continental (w)"]
[Site "Lima PER"]
[Date "2016.02.23"]
[Round "5.17"]
[White "Cosme Contreras, Trilce"]
[Black "Francia Arzapalo, Gianella"]
[Result "1/2-1/2"]
[WhiteElo "1757"]
[BlackElo "1486"]
[EventDate "2016.02.20"]
[PlyCount "94"]

1.c4 g6 2.Nc3 Bg7 3.g3 d6 4.Bg2 Nd7 5.d3 Ngf6 6.e4 O-O 7.Nge2 Ne8 8.O-O a6
9.Rb1 Rb8 10.a4 b6 11.b4 c5 12.b5 a5 13.f4 e5 14.f5 Ndf6 15.h3 h6 16.g4 g5
17.Ng3 Bb7 18.Rb2 Nh7 19.Bf3 Bf6 20.Nh5 Nc7 21.Nxf6+ Qxf6 22.Rh2 Ne8 23.
Kf2 Kg7 24.h4 Rh8 25.Rfh1 Qe7 26.Ne2 f6 27.Ng3 Bc8 28.hxg5 hxg5 29.Qf1 Rb7
30.Qh3 Kg8 31.Qh5 Qd8 32.Qh6 Rf7 33.Ne2 Qe7 34.Nc3 Bb7 35.Nd5 Bxd5 36.exd5
Rg7 37.Be4 Kf8 38.Bd2 Kg8 39.Qh3 Kf8 40.Qg3 Qf7 41.Rh6 Ke7 42.Rg6 Kd8 43.
Rhh6 Qe7 44.Qh2 Kc7 45.Rxg7 Qxg7 46.Rg6 Qe7 47.Qh6 Rf8 1/2-1/2

[Event "8th American Continental (w)"]
[Site "Lima PER"]
[Date "2016.02.23"]
[Round "5.18"]
[White "Bohorquez Canizares, Maria"]
[Black "Arias Cango, Nathaly"]
[Result "1-0"]
[WhiteElo "1574"]
[BlackElo "1888"]
[EventDate "2016.02.20"]
[PlyCount "41"]

1.e4 c5 2.Nf3 e6 3.d4 cxd4 4.Nxd4 a6 5.Nc3 Qc7 6.Be2 b5 7.a3 Bb7 8.f4 Nc6 
9.Bf3 Bc5 10.Nce2 Nge7 11.Be3 d6 12.O-O O-O 13.Kh1 e5 14.fxe5 Nxe5 15.Bf4 
Nxf3 16.gxf3 Ng6 17.Bg3 Qd7 18.Nf5 d5 19.Qd3 Qe6 20.Qc3 dxe4 21.Qxg7# 1-0

[Event "8th American Continental (w)"]
[Site "Lima PER"]
[Date "2016.02.23"]
[Round "5.19"]
[White "Bocangel Chavez, Marjoire"]
[Black "Pescoran Machaca, Mariabelen"]
[Result "1-0"]
[WhiteElo "1708"]
[BlackElo "1299"]
[EventDate "2016.02.20"]
[PlyCount "77"]

1.e4 e6 2.Nf3 d5 3.Nc3 c5 4.exd5 exd5 5.d4 Nf6 6.Bg5 Be6 7.Bb5+ Nc6 8.dxc5
Bxc5 9.Bxf6 gxf6 10.Nd4 Qb6 11.Nce2 O-O-O 12.Bxc6 bxc6 13.O-O Rdg8 14.c3 
h5 15.Qa4 Bd7 16.Rfc1 Rg4 17.b4 Bd6 18.Qc2 Rg5 19.c4 Qc7 20.h4 Rg4 21.cxd5
Rxh4 22.Nxc6 Bxc6 23.Qxc6 Qxc6 24.Rxc6+ Kd7 25.a3 Rg8 26.Rac1 Rh3 27.g3 
Rh4 28.Kf1 Re4 29.Nc3 Re5 30.Nb5 Rxd5 31.Nxd6 Rxd6 32.Rc7+ Ke6 33.Re1+ Kf5
34.Rxa7 Kg6 35.b5 Rb6 36.a4 Rgb8 37.Rae7 Rf8 38.Rb1 Rd6 39.a5 1-0

[Event "8th American Continental (w)"]
[Site "Lima PER"]
[Date "2016.02.25"]
[Round "6.1"]
[White "Arribas Robaina, Maritza"]
[Black "Franco Valencia, Angela Maria"]
[Result "1/2-1/2"]
[WhiteElo "2333"]
[BlackElo "2197"]
[EventDate "2016.02.20"]
[PlyCount "43"]

1.e4 e5 2.Nf3 Nc6 3.Bb5 a6 4.Ba4 d6 5.c3 Bd7 6.O-O g6 7.d4 Bg7 8.Re1 Nge7 
9.Bg5 h6 10.Be3 O-O 11.dxe5 dxe5 12.Nbd2 Be6 13.Bb3 Qd7 14.Bxe6 Qxe6 15.
Qb3 Qxb3 16.axb3 a5 17.Bc5 b6 18.Bxe7 Nxe7 19.Nc4 Nc6 20.Rad1 Rfd8 21.Kf1 
Kf8 22.Ne3 1/2-1/2

[Event "8th American Continental (w)"]
[Site "Lima PER"]
[Date "2016.02.25"]
[Round "6.2"]
[White "Cori Tello, Deysi"]
[Black "Eswaran, Ashritha"]
[Result "1/2-1/2"]
[WhiteElo "2430"]
[BlackElo "2149"]
[EventDate "2016.02.20"]
[PlyCount "168"]

1.d4 d5 2.Nf3 Nc6 3.g3 Bf5 4.Bg2 e6 5.O-O Be7 6.c4 Nb4 7.Na3 c6 8.Bd2 Na6 
9.Ne5 Nf6 10.Qa4 Nc7 11.Ba5 O-O 12.Rac1 Qc8 13.f3 Bd6 14.c5 Bxe5 15.dxe5 
Nd7 16.Qd4 f6 17.exf6 e5 18.Qh4 Nxf6 19.e4 Be6 20.exd5 Bxd5 21.Rfe1 Nd7 
22.Bh3 Ne6 23.Rcd1 Nexc5 24.Bb4 Qd8 25.Bxd7 Qxh4 26.gxh4 Nxd7 27.Bxf8 Rxf8
28.Nc4 Rxf3 29.Nxe5 Nxe5 30.Rxe5 Rf4 31.Rf1 Rg4+ 32.Kf2 h6 33.Re8+ Kh7 34.
Rg1 Rxh4 35.Re7 Rxh2+ 36.Ke3 Rxb2 37.Rgxg7+ Kh8 38.a4 Rb4 39.Rh7+ Kg8 40.
Reg7+ Kf8 41.Rxb7 Rxb7 42.Rxb7 a5 43.Ra7 Bb3 44.Rxa5 Ke7 45.Ra8 Kd6 46.Kd4
Kc7 47.a5 Kb7 48.Rh8 Ka6 49.Kc5 Bd1 50.Rxh6 Ba4 51.Rh8 Bb5 52.Rb8 Ba4 53.
Rb6+ Ka7 54.Kd6 Bb5 55.Kc7 Ba4 56.Rb8 Bb5 57.Rh8 Ba4 58.Kd6 Bb5 59.Kc5 Ba4
60.Kb4 Bc2 61.Re8 Bd1 62.Re3 Bc2 63.Re7+ Ka6 64.Kc5 Bb3 65.Rc7 Bd5 66.Rc8 
Kb7 67.Rf8 Ka7 68.Rf2 Ka6 69.Rf1 Be4 70.Rf8 Kb7 71.Rf4 Bd5 72.Rb4+ Ka6 73.
Rb8 Be4 74.Kb4 Bd5 75.Rb6+ Ka7 76.Kc5 Be4 77.Kd6 Bf3 78.Kc7 Bd5 79.Rb8 Be4
80.Rb6 Bd5 81.a6 Bg2 82.Rb2 Bd5 83.Rb6 Bg2 84.Rb2 Bd5 1/2-1/2

[Event "8th American Continental (w)"]
[Site "Lima PER"]
[Date "2016.02.25"]
[Round "6.3"]
[White "Zuriel, Marisa"]
[Black "Franco Valencia, Beatriz Irene"]
[Result "1-0"]
[WhiteElo "2295"]
[BlackElo "2153"]
[EventDate "2016.02.20"]
[PlyCount "77"]

1.e4 g6 2.d4 Bg7 3.Nc3 c6 4.f4 d5 5.e5 h5 6.Nf3 Bg4 7.Bd3 Nh6 8.Be3 Qd7 9.
h3 Bxf3 10.Qxf3 b5 11.O-O Nf5 12.Bf2 a5 13.a4 b4 14.Ne2 Na6 15.c3 e6 16.g4
hxg4 17.hxg4 Nh4 18.Qe3 g5 19.fxg5 Qe7 20.Bg3 Nc7 21.cxb4 axb4 22.b3 c5 
23.dxc5 d4 24.Nxd4 Nd5 25.Qf2 Ng6 26.Rae1 O-O 27.Nf3 Ndf4 28.Bxf4 Nxf4 29.
Qe3 Nxd3 30.Qxd3 Qxc5+ 31.Kg2 Rad8 32.Qe4 Rd5 33.Rh1 Rfd8 34.Re2 Rd3 35.g6
fxg6 36.Qxg6 Qd5 37.Qh7+ Kf7 38.Rf2 Rh8 39.Qxd3 1-0

[Event "8th American Continental (w)"]
[Site "Lima PER"]
[Date "2016.02.25"]
[Round "6.4"]
[White "Paredes Bustamante, Paula"]
[Black "Perez Rodriguez, Jennifer"]
[Result "1-0"]
[WhiteElo "2096"]
[BlackElo "2155"]
[EventDate "2016.02.20"]
[PlyCount "137"]

1.e4 e5 2.Bc4 Nf6 3.d3 Nc6 4.Nf3 Be7 5.O-O O-O 6.a4 d6 7.h3 Kh8 8.Nc3 Ng8 
9.d4 f5 10.dxe5 fxe4 11.Nxe4 Rxf3 12.exd6 Ne5 13.dxe7 Qxe7 14.Be2 Rf8 15.
Be3 Ng6 16.Ng3 Be6 17.c4 Rad8 18.Qc2 Nf6 19.Rad1 Rde8 20.Rfe1 Nd7 21.Bh5 
Nde5 22.Bd4 Nxc4 23.Bxg6 hxg6 24.Qxg6 Qf7 25.Qg5 Nd6 26.Re5 Bb3 27.Rde1 
Rxe5 28.Rxe5 Qf4 29.Nh5 Qxg5 30.Rxg5 Nf5 31.Bc3 Rf7 32.g4 Nh4 33.Rxg7 Rxg7
34.Nxg7 Kg8 35.a5 b5 36.Ne8 c5 37.Nd6 b4 38.Bf6 Nf3+ 39.Kg2 Bd5 40.Kg3 Nd2
41.Kf4 Kh7 42.h4 c4 43.g5 Kg6 44.Ke3 Nf3 45.Nc8 Bb7 46.Nd6 Bd5 47.Nc8 Bb7 
48.Ne7+ Kf7 49.Nf5 Kg6 50.Nd6 Bd5 51.Nc8 Bb7 52.Nxa7 Nxh4 53.Nb5 Bc6 54.
Nd6 Ng2+ 55.Kd4 c3 56.bxc3 b3 57.Nc4 Nf4 58.Nb2 Ne2+ 59.Ke3 Nc1 60.f4 Kf5 
61.Nc4 Bd5 62.Nb2 Bb7 63.c4 Na2 64.Nd3 Ba6 65.Kd4 Bb7 66.Be5 Ba6 67.Kc5 
Ke4 68.Nb2 Kf5 69.Kb6 1-0

[Event "8th American Continental (w)"]
[Site "Lima PER"]
[Date "2016.02.25"]
[Round "6.5"]
[White "Chumpitaz Carbajal, Ann"]
[Black "Rivera Banqueth, Ingris"]
[Result "0-1"]
[WhiteElo "2209"]
[BlackElo "2262"]
[EventDate "2016.02.20"]
[PlyCount "120"]

1.d4 Nf6 2.c4 g6 3.Nc3 Bg7 4.e4 d6 5.Be2 O-O 6.Bg5 c5 7.d5 a6 8.Qd2 Qa5 9.
a4 b5 10.cxb5 axb5 11.Bxb5 Bd7 12.f3 Nxe4 13.fxe4 Bxc3 14.Qxc3 Qxc3+ 15.
bxc3 Bxb5 16.Bxe7 Re8 17.Bxd6 Rxe4+ 18.Kf2 Nd7 19.a5 Nf6 20.Bxc5 Rf4+ 21.
Nf3 g5 22.Rhb1 Bd3 23.Rd1 Ne4+ 24.Ke3 Nxc5 25.Rxd3 Re4+ 26.Kd2 Nb3+ 27.Kd1
Nxa1 28.Nd4 Rxa5 29.Nc6 Nb3 30.Nxa5 Nxa5 31.d6 Nc6 32.d7 Nd8 33.Kd2 Kf8 
34.Rh3 Ke7 35.Rxh7 Kxd7 36.Kd3 Rg4 37.g3 Ke7 38.Rh8 Ra4 39.Rg8 f6 40.c4 
Nf7 41.Rb8 Ne5+ 42.Ke4 Nxc4 43.Kf5 Nd6+ 44.Kg6 g4 45.Rb1 Re4 46.Rb2 Re5 
47.Ra2 Rg5+ 48.Kh7 Kf7 49.Ra7+ Ke6 50.Ra2 Nf5 51.Ra6+ Kf7 52.Ra7+ Ne7 53.
Kh6 Rg8 54.Kh5 f5 55.Ra2 Kf6 56.Ra6+ Ke5 57.Ra2 Nc6 58.Kh6 Nd4 59.Kh7 Rc8 
60.Rf2 Rc2 0-1

[Event "8th American Continental (w)"]
[Site "Lima PER"]
[Date "2016.02.25"]
[Round "6.6"]
[White "Abrahamyan, Tatev"]
[Black "Martinez, Ayelen"]
[Result "1-0"]
[WhiteElo "2324"]
[BlackElo "2193"]
[EventDate "2016.02.20"]
[PlyCount "73"]

1.e4 c5 2.Nf3 d6 3.d4 cxd4 4.Nxd4 Nf6 5.Nc3 e5 6.Bb5+ Nbd7 7.Nf5 a6 8.
Bxd7+ Qxd7 9.Bg5 Nxe4 10.Nxg7+ Bxg7 11.Nxe4 O-O 12.Qxd6 f6 13.Be3 Qg4 14.
Nc3 Bf5 15.Qd5+ Kh8 16.O-O Rfd8 17.Qxb7 Bxc2 18.Rac1 Rab8 19.Qe7 Rd7 20.
Qa3 Bd3 21.Rfd1 Bf8 22.Qa4 Qe6 23.Rd2 Rb4 24.Qd1 Qf5 25.Ne2 Rb8 26.Ng3 Qg6
27.h4 Rbd8 28.h5 Qg8 29.Bb6 Bh6 30.Bxd8 Qxd8 31.Rc5 f5 32.Rxe5 Bxd2 33.
Qxd2 Be4 34.Qf4 Bb1 35.Re1 Bxa2 36.Qe5+ Kg8 37.Nxf5 1-0

[Event "8th American Continental (w)"]
[Site "Lima PER"]
[Date "2016.02.25"]
[Round "6.7"]
[White "Fuentes Godoy, Lilia Ivonne"]
[Black "Dominguez Barrios, Laura Lucia"]
[Result "1-0"]
[WhiteElo "2062"]
[BlackElo "2078"]
[EventDate "2016.02.20"]
[PlyCount "67"]

1.d4 Nf6 2.c4 g6 3.d5 Bg7 4.Nc3 O-O 5.e4 d6 6.Be2 e5 7.Be3 b6 8.g4 a5 9.h4
Ne8 10.h5 Na6 11.Qd2 f5 12.Bg5 Bf6 13.Bh6 Ng7 14.exf5 gxf5 15.g5 Be7 16.
Nf3 Nc5 17.g6 f4 18.O-O-O Bf6 19.Rdg1 hxg6 20.hxg6 Bf5 21.Ng5 Re8 22.Nf7 
Qe7 23.Bxf4 Bxg6 24.Nh6+ Kf8 25.Rxg6 exf4 26.Qxf4 Nd7 27.Ng4 Kf7 28.Nxf6 
Nxf6 29.Rhh6 Kg8 30.Rxf6 Rf8 31.Bd3 Rxf6 32.Rxf6 Qe1+ 33.Kc2 Qh1 34.Rh6 
1-0

[Event "8th American Continental (w)"]
[Site "Lima PER"]
[Date "2016.02.25"]
[Round "6.8"]
[White "Fernandez, Maria Florencia"]
[Black "Zarate Oyague, Flor de Maria"]
[Result "1-0"]
[WhiteElo "2264"]
[BlackElo "1924"]
[EventDate "2016.02.20"]
[PlyCount "67"]

1.d4 Nf6 2.c4 c5 3.d5 b5 4.cxb5 a6 5.bxa6 g6 6.Nc3 Bxa6 7.e4 Bxf1 8.Kxf1 
d6 9.Nf3 Bg7 10.g3 Nbd7 11.Kg2 O-O 12.a4 Ra6 13.h3 Qa8 14.Qc2 e6 15.dxe6 
fxe6 16.Re1 d5 17.Ra3 c4 18.exd5 exd5 19.Nb5 Rc8 20.Bf4 Bf8 21.Raa1 Qb7 
22.Nfd4 Nc5 23.Re3 Rca8 24.Nc7 Rxa4 25.Rxa4 Rxa4 26.Nce6 Nxe6 27.Nxe6 Rb4 
28.Be5 Be7 29.Rf3 Ne4 30.Qc1 g5 31.h4 h6 32.hxg5 Nxg5 33.Qb1 Ne4 34.Qh1 
1-0

[Event "8th American Continental (w)"]
[Site "Lima PER"]
[Date "2016.02.25"]
[Round "6.9"]
[White "Garcia Contreras, Ana"]
[Black "Aliaga Fernandez, Ingrid"]
[Result "0-1"]
[WhiteElo "1759"]
[BlackElo "2173"]
[EventDate "2016.02.20"]
[PlyCount "98"]

1.e4 c5 2.Nf3 d6 3.d4 cxd4 4.Nxd4 Nf6 5.Nc3 a6 6.h3 e6 7.g4 b5 8.Bg2 Bb7 
9.O-O Qc7 10.Re1 Be7 11.g5 Nfd7 12.a4 bxa4 13.Nxa4 O-O 14.h4 Nc6 15.c3 
Rfe8 16.Be3 Nce5 17.Bf4 Rad8 18.Qe2 Bf8 19.Nf3 Nxf3+ 20.Qxf3 Bc6 21.Qg3 e5
22.Be3 Rb8 23.Reb1 Bb5 24.Qg4 Nc5 25.Nxc5 dxc5 26.Rd1 Bc4 27.Bc1 Rbd8 28.
Re1 Qb6 29.Bf1 Bd3 30.Bxd3 Rxd3 31.Be3 Qxb2 32.Rxa6 Qxc3 33.Qe2 Qb3 34.Rc6
Qb5 35.Rc7 Bd6 36.Rb7 Qxb7 37.Qxd3 Bf8 38.Rc1 Rc8 39.Qc4 Qd7 40.Qf1 Qg4+ 
41.Qg2 Qxh4 42.Qf3 g6 43.Kg2 Qh5 44.Qxh5 gxh5 45.Rc4 Kg7 46.Kg3 Kg6 47.Rc3
c4 48.f4 exf4+ 49.Kxf4 Be7 0-1

[Event "8th American Continental (w)"]
[Site "Lima PER"]
[Date "2016.02.25"]
[Round "6.10"]
[White "Orozco Lopez, Lina Yomayra"]
[Black "Besso, Guadalupe"]
[Result "1-0"]
[WhiteElo "2118"]
[BlackElo "1996"]
[EventDate "2016.02.20"]
[PlyCount "67"]

1.e4 c5 2.Nf3 Nc6 3.d4 cxd4 4.Nxd4 Nf6 5.Nc3 e5 6.Ndb5 d6 7.Bg5 a6 8.Na3 
b5 9.Nd5 Be7 10.Bxf6 Bxf6 11.c4 b4 12.Nc2 a5 13.g3 Bg5 14.Bg2 O-O 15.O-O 
Be6 16.b3 g6 17.Qd3 f5 18.f4 Bh6 19.Rad1 fxe4 20.Bxe4 Bf5 21.Bxf5 gxf5 22.
Nde3 Ne7 23.Qxd6 Qxd6 24.Rxd6 exf4 25.gxf4 Ng6 26.Nd5 Kh8 27.Nd4 Rae8 28.
Ne6 Rg8 29.Nf6 Nxf4+ 30.Nxg8 Rxg8+ 31.Kh1 Nh3 32.Rd3 Ng5 33.Nxg5 Rxg5 34.
Rd5 1-0

[Event "8th American Continental (w)"]
[Site "Lima PER"]
[Date "2016.02.25"]
[Round "6.11"]
[White "Parkhurst Casas, Miriam"]
[Black "Peng, Jackie"]
[Result "1/2-1/2"]
[WhiteElo "1884"]
[BlackElo "1922"]
[EventDate "2016.02.20"]
[PlyCount "112"]

1.e4 c5 2.Nf3 d6 3.d4 cxd4 4.Nxd4 Nf6 5.Nc3 g6 6.Be3 Bg7 7.Bc4 O-O 8.f3 
Nc6 9.Bb3 Bd7 10.Qd2 Na5 11.h4 h5 12.O-O-O Rc8 13.Kb1 Nxb3 14.cxb3 Qa5 15.
Nd5 Qxd2 16.Nxe7+ Kh7 17.Rxd2 Rce8 18.Bf4 Rxe7 19.Bxd6 Ree8 20.Bxf8 Bxf8 
21.Rhd1 Bh6 22.Rc2 Bf4 23.Ne2 Bb8 24.Rcd2 Bb5 25.Nc3 Bc6 26.b4 a6 27.Ne2 
Bb5 28.Nd4 Bf4 29.Nxb5 Bxd2 30.Nd6 Bxb4 31.Nxe8 Nxe8 32.Rd7 b6 33.Rxf7+ 
Kg8 34.Rb7 Bc5 35.b4 Bf2 36.Ra7 Bxh4 37.Rxa6 Bf2 38.a4 Nd6 39.a5 Nc4 40.
Kc2 Kg7 41.Ra7+ Kf6 42.a6 b5 43.Rb7 Ne3+ 44.Kd3 Nxg2 45.Ke2 Bd4 46.Rxb5 
Nf4+ 47.Kf1 h4 48.Rc5 Bxc5 49.bxc5 Ne6 50.Kg2 Kg5 51.a7 Nc7 52.e5 Kf5 53.
f4 g5 54.fxg5 Kxg5 55.Kh3 Kf5 56.Kxh4 Kxe5 1/2-1/2

[Event "8th American Continental (w)"]
[Site "Lima PER"]
[Date "2016.02.25"]
[Round "6.12"]
[White "Heredia Serrano, Carla"]
[Black "Oncoy Custodio, Shantal Tania"]
[Result "1-0"]
[WhiteElo "2185"]
[BlackElo "1510"]
[EventDate "2016.02.20"]
[PlyCount "51"]

1.b3 d5 2.Bb2 Nc6 3.e3 e5 4.Bb5 Bd6 5.Nf3 f6 6.d4 e4 7.Nfd2 a6 8.Be2 Nge7 
9.c4 b6 10.cxd5 Nxd5 11.Nxe4 O-O 12.O-O Kh8 13.Bf3 Bb7 14.Nbd2 f5 15.Nxd6 
Qxd6 16.Rc1 Rf6 17.Nc4 Qd8 18.Qe2 Rh6 19.Rfd1 Qh4 20.h3 Nce7 21.Ne5 Rf8 
22.Ba3 c5 23.dxc5 g5 24.c6 g4 25.cxb7 gxf3 26.Qxf3 1-0